000 01316nam a22003857a 4500
003 IBSLLIB
005 20260511065151.0
008 260511b |||||||| |||| 00| 0 eng d
020 _a9780099454403
040 _aIBSLLIB
_beng
041 _hEng
082 _a158.1
_bDYE
100 _aDyer , Wayne W.
245 _aPulling Your Own Strings
260 _aLondon :
_bArrow Books ,
_c1979
300 _a262 p ;
_c21 cm
505 _aDeclaring yourself as a non-victim
505 _aoperating from strength
505 _aRefusing to be seduced ny what i over or cannot be changed
505 _aAvoiding the comparison trap
505 _aBecoming quietly effective and not expecting 'them' to understand
505 _aTeaching others how you want to be treated
505 _aNever place loyalty to institutions and things above loyalty to yourself
505 _aDistinguishing between judgments and reality
505 _aBeing creatively alive in every situation
505 _aVictim or victor? your present victim profile based on 100 typical situations
650 _aPhilosophy
653 _aSelf awreness
653 _apositive thinking
653 _aDecision waking
653 _aProblem solving
653 _aLife coaching
653 _aPersonal development
942 _cLBK
999 _c22098
_d22098